| 000 | 00517nam a2200193Ia 4500 | ||
|---|---|---|---|
| 005 | 20250317125255.0 | ||
| 008 | 008 250317s9999 xx 000 0 eng d | ||
| 037 | _aTextbook | ||
| 040 |
_aFMSL _beng _cFMSL |
||
| 041 |
_aeng _2eng |
||
| 084 |
_aX:9 N7 _qFMSL |
||
| 100 |
_aFrench W L _9735900 |
||
| 245 | 0 | _aHuman resource management | |
| 250 | _aEd 3rd | ||
| 260 |
_aU.S.A _bU.S.A, Houghton Millian Co. _c1997 |
||
| 300 | _a931p | ||
| 942 |
_cTB _hX:9 N7 |
||
| 999 |
_c1258750 _d1258750 |
||